[Event "4. Continental de Ajedrez de Cali"]
[Site "Santiago de Cali COL"]
[Date "2007.07.20"]
[Round "11.17"]
[White "Naranjo, Sebastian"]
[Black "Sequera, Jose"]
[Result "0-1"]
[WhiteElo "2035"]
[BlackElo "2432"]
[PlyCount "70"]
[EventDate "2007.07.11"]
[EventType "swiss"]
[EventRounds "1"]
[EventCountry "COL"]
[Source "lmi"]
[SourceDate "2007.07.11"]

1. e4 e6 2. d4 d5 3. Nc3 Bb4 4. Nge2 Nc6 5. a3 Be7 6. e5 f6 7. Nf4 fxe5 8. Qh5+
Kf8 9. dxe5 Qe8 10. Qxe8+ Kxe8 11. Bb5 Nh6 12. Nce2 Kf7 13. Nd3 Nf5 14. c3 h5
15. O-O Bd7 16. Bd2 Nb4 17. Nxb4 Bxb5 18. Rfe1 c5 19. Nc2 Rhd8 20. a4 Bd3 21.
Ne3 d4 22. Nxf5 Bxf5 23. Ng3 Kg6 24. Nxf5 Kxf5 25. f4 Rac8 26. g3 c4 27. cxd4
Rxd4 28. Be3 Bc5 29. Kg2 Rd3 30. Bxc5 Rxc5 31. Rad1 Ra5 32. Rxd3 cxd3 33. b3
Rc5 34. Kf3 Rc3 35. Rb1 d2+ 0-1

[Event "4. Continental de Ajedrez de Cali"]
[Site "Santiago de Cali COL"]
[Date "2007.07.20"]
[Round "11.19"]
[White "Cabrera Huaman, Andres"]
[Black "Mosquera, Miguel"]
[Result "0-1"]
[WhiteElo "2268"]
[BlackElo "2414"]
[PlyCount "120"]
[EventDate "2007.07.11"]
[EventType "swiss"]
[EventRounds "1"]
[EventCountry "COL"]
[Source "lmi"]
[SourceDate "2007.07.11"]

1. d4 d5 2. c4 c6 3. Nf3 Nf6 4. Nc3 dxc4 5. a4 Bf5 6. Ne5 e6 7. f3 Bb4 8. e4
Bxe4 9. fxe4 Nxe4 10. Bd2 Qxd4 11. Nxe4 Qxe4+ 12. Qe2 Bxd2+ 13. Kxd2 Qd4+ 14.
Kc2 Na6 15. Nxc4 O-O-O 16. Qe3 Nb4+ 17. Kb3 c5 18. Qxd4 Rxd4 19. Be2 Rhd8 20.
Rad1 Nc6 21. Kc3 Kc7 22. Bf3 g5 23. h3 Nb4 24. Rxd4 Rxd4 25. Rd1 Nd5+ 26. Kb3
Rxd1 27. Bxd1 Nf4 28. Bf3 h5 29. Ne3 f5 30. Kc4 g4 31. hxg4 hxg4 32. Bd1 b6 33.
Kb5 Nd5 34. Nc4 Nb4 35. Ne5 a6+ 36. Kc4 Nd5 37. Be2 Ne3+ 38. Kc3 b5 39. axb5
axb5 40. g3 Nd5+ 41. Kc2 c4 42. b3 cxb3+ 43. Kxb3 Kd6 44. Nf7+ Kc5 45. Ng5 e5
46. Ne6+ Kb6 47. Nf8 e4 48. Ne6 f4 49. gxf4 g3 50. Bf1 e3 51. Nd4 Nxf4 52. Bxb5
g2 53. Nf3 Kxb5 54. Kc3 Kc5 55. Kc2 Kd5 56. Kd1 Ke4 57. Ng1 Kf5 58. Ke1 Kg4 59.
Kd1 Nh3 60. Ne2 g1=Q+ 0-1

[Event "4. Continental de Ajedrez de Cali"]
[Site "Santiago de Cali COL"]
[Date "2007.07.20"]
[Round "11.20"]
[White "Diamant, Andre"]
[Black "Minaya, Juan"]
[Result "1/2-1/2"]
[WhiteElo "2394"]
[BlackElo "2254"]
[PlyCount "117"]
[EventDate "2007.07.11"]
[EventType "swiss"]
[EventRounds "1"]
[EventCountry "COL"]
[Source "lmi"]
[SourceDate "2007.07.11"]

1. e4 g6 2. d4 Bg7 3. Nc3 c6 4. Nf3 d5 5. Bd3 Bg4 6. exd5 cxd5 7. h3 Bxf3 8.
Qxf3 e6 9. Ne2 Nc6 10. c3 Nge7 11. O-O O-O 12. Re1 Qd7 13. Nf4 a6 14. Be3 Rad8
15. Rad1 Nc8 16. Qg3 Nd6 17. h4 Ne7 18. Bc1 Ndf5 19. Qh3 h5 20. Re2 Bf6 21. g3
Kg7 22. Rde1 Rc8 23. f3 Rh8 24. Bb1 Qd6 25. Kg2 Rcg8 26. Nd3 b6 27. Nf4 Qd7 28.
Bd3 Rb8 29. Bxa6 Ra8 30. Bd3 Rxa2 31. Kg1 Ra7 32. Rh2 Qd6 33. Rhe2 Qb8 34. Rh2
b5 35. b4 Ra1 36. Ne2 Ra2 37. Bb1 Ra7 38. Rf1 e5 39. g4 hxg4 40. fxg4 Rxh4 41.
Qg2 exd4 42. Bf4 Qb6 43. gxf5 d3+ 44. Kh1 dxe2 45. Qxe2 Rxh2+ 46. Qxh2 Kg8 47.
Qg3 Ra1 48. fxg6 Nxg6 49. Kg2 Bg7 50. Bd6 Qb7 51. Re1 Rxb1 52. Rxb1 d4+ 53. Kh2
dxc3 54. Re1 Qc6 55. Qd3 Bh6 56. Re2 Bg7 57. Rg2 Qc8 58. Qd5 Kh7 59. Qxb5
1/2-1/2

[Event "4. Continental de Ajedrez de Cali"]
[Site "Santiago de Cali COL"]
[Date "2007.07.20"]
[Round "11.22"]
[White "Uribe, Mauricio"]
[Black "Vittorino, Carlo"]
[Result "1-0"]
[WhiteElo "2354"]
[BlackElo "2228"]
[PlyCount "43"]
[EventDate "2007.07.11"]
[EventType "swiss"]
[EventRounds "1"]
[EventCountry "COL"]
[Source "lmi"]
[SourceDate "2007.07.11"]

1. Nf3 d6 2. e4 c5 3. d4 cxd4 4. Nxd4 Nf6 5. f3 e5 6. Bb5+ Nbd7 7. Nf5 Qb6 8.
Nc3 a6 9. Be3 Qc7 10. Ba4 g6 11. Nh6 Bxh6 12. Bxh6 b5 13. Bb3 Bb7 14. Qd2 b4
15. Na4 a5 16. c3 d5 17. exd5 Qd6 18. O-O Ke7 19. c4 Rhc8 20. Rfe1 Kd8 21. Be3
Ne8 22. Qf2 1-0

[Event "4. Continental de Ajedrez de Cali"]
[Site "Santiago de Cali COL"]
[Date "2007.07.20"]
[Round "11.23"]
[White "Panesso, Henry"]
[Black "Ripari, Marcelo"]
[Result "1-0"]
[WhiteElo "2143"]
[BlackElo "2350"]
[PlyCount "59"]
[EventDate "2007.07.11"]
[EventType "swiss"]
[EventRounds "1"]
[EventCountry "COL"]
[Source "lmi"]
[SourceDate "2007.07.11"]

1. e4 c5 2. Nf3 e6 3. c4 Nc6 4. Nc3 Nf6 5. d4 cxd4 6. Nxd4 Qc7 7. a3 b6 8. Be3
Bb7 9. f3 Rc8 10. Be2 Qb8 11. O-O Be7 12. Qd2 O-O 13. Rac1 Rfe8 14. Na4 Ne5 15.
b4 d5 16. exd5 exd5 17. c5 Nc4 18. Bxc4 dxc4 19. Bf4 Qa8 20. Nf5 Bc6 21. Nc3
bxc5 22. Be5 Bf8 23. Qg5 Re6 24. b5 Be8 25. Bxf6 Rxf6 26. Nd5 Rxf5 27. Qxf5
Bxb5 28. Rfe1 Re8 29. Re4 Bc6 30. Nf6+ 1-0

[Event "4. Continental de Ajedrez de Cali"]
[Site "Santiago de Cali COL"]
[Date "2007.07.20"]
[Round "11.24"]
[White "Condori, Edwin"]
[Black "Ostos, Julio"]
[Result "1/2-1/2"]
[WhiteElo "2207"]
[BlackElo "2306"]
[PlyCount "144"]
[EventDate "2007.07.11"]
[EventType "swiss"]
[EventRounds "1"]
[EventCountry "COL"]
[Source "lmi"]
[SourceDate "2007.07.11"]

1. d4 Nf6 2. c4 c5 3. d5 g6 4. Nc3 Bg7 5. Nf3 O-O 6. g3 d6 7. Bg2 Na6 8. O-O
Nc7 9. a4 e6 10. h3 Re8 11. Nd2 Rb8 12. Re1 b6 13. e4 a6 14. Kh2 exd5 15. exd5
Bf5 16. Rxe8+ Qxe8 17. Ra3 h5 18. Nf3 b5 19. axb5 axb5 20. Ra7 Qc8 21. Bf4 Bf8
22. b3 bxc4 23. bxc4 Rb7 24. Rxb7 Qxb7 25. Nh4 Bd7 26. Qf3 Nce8 27. Ne4 Qb2 28.
Ng5 Qb1 29. Qe2 Ba4 30. Nhf3 Qc2 31. Nd2 Bd7 32. Qe3 Bf5 33. Bf1 Ng7 34. Be2
Qa2 35. f3 Qa1 36. g4 Bc2 37. Kg2 hxg4 38. hxg4 Qb2 39. Kf2 Qa1 40. Nde4 Bxe4
41. Nxe4 Nge8 42. Nc3 Nc7 43. Ne4 Bg7 44. Kg2 Nxe4 45. Qxe4 Be5 46. Be3 Qb2 47.
Kf1 Ne8 48. f4 Nf6 49. Qd3 Bd4 50. Bd2 Qa1+ 51. Be1 Qc1 52. Qf3 Be3 53. f5 g5
54. Kg2 Nd7 55. Bf2 Bxf2 56. Kxf2 Kg7 57. Qe3 Qxe3+ 58. Kxe3 Kf6 59. Ke4 Nb6
60. Bf1 Na4 61. Bd3 Nc3+ 62. Ke3 Ke5 63. Bc2 Na2 64. Bb1 Nc1 65. Bc2 Na2 66.
Bb1 Nc3 67. Bc2 f6 68. Bb3 Ne4 69. Bc2 Nc3 70. Bb3 Ne4 71. Bc2 Nc3 72. Bb3 Ne4
1/2-1/2

[Event "4. Continental de Ajedrez de Cali"]
[Site "Santiago de Cali COL"]
[Date "2007.07.20"]
[Round "11.25"]
[White "Rios, Cristian Camilo"]
[Black "Ortiz, Nadya Karolina"]
[Result "1/2-1/2"]
[WhiteElo "2013"]
[BlackElo "2281"]
[PlyCount "87"]
[EventDate "2007.07.11"]
[EventType "swiss"]
[EventRounds "1"]
[EventCountry "COL"]
[Source "lmi"]
[SourceDate "2007.07.11"]

1. e4 c5 2. Nf3 e6 3. d4 cxd4 4. Nxd4 a6 5. Nc3 Qc7 6. Be3 Bb4 7. Nde2 Nf6 8.
a3 Be7 9. Ng3 O-O 10. Be2 b5 11. O-O Bb7 12. Qd2 d6 13. Rad1 Nbd7 14. f4 Bc6
15. h3 Qb7 16. Bd3 Rfd8 17. Qe2 Bf8 18. Bd4 e5 19. Be3 Re8 20. fxe5 Rxe5 21.
Bd4 Re6 22. Qf2 Nc5 23. Nd5 Nxd3 24. Rxd3 Nxd5 25. exd5 Bxd5 26. Nh5 Be4 27.
Rg3 Rg6 28. Rxg6 fxg6 29. Nf4 Rc8 30. Ne6 Qe7 31. Qxf8+ Rxf8 32. Rxf8+ Qxf8 33.
Nxf8 Kxf8 34. c3 g5 35. g3 Kf7 36. Kf2 h5 37. h4 gxh4 38. gxh4 g6 39. Ke3 Bf5
40. Bb6 Ke6 41. Bd8 Kd5 42. Kd2 Ke4 43. Be7 d5 44. Bg5 1/2-1/2

[Event "4. Continental de Ajedrez de Cali"]
[Site "Santiago de Cali COL"]
[Date "2007.07.20"]
[Round "11.26"]
[White "Salazar, Carlos"]
[Black "Arenas, David"]
[Result "1/2-1/2"]
[WhiteElo "2215"]
[BlackElo "2081"]
[PlyCount "47"]
[EventDate "2007.07.11"]
[EventType "swiss"]
[EventRounds "1"]
[EventCountry "COL"]
[Source "lmi"]
[SourceDate "2007.07.11"]

1. d4 Nf6 2. c4 g6 3. Nc3 Bg7 4. e4 d6 5. f3 O-O 6. Be3 c5 7. Nge2 Nc6 8. Qd2
cxd4 9. Nxd4 Nxd4 10. Bxd4 Be6 11. Be2 a6 12. O-O Rc8 13. b3 Re8 14. Rac1 Nd7
15. f4 Bxd4+ 16. Qxd4 f6 17. f5 Bf7 18. fxg6 hxg6 19. Bg4 Kg7 20. Nd5 Bxd5 21.
exd5 Rh8 22. Rce1 Rc7 23. Bxd7 Rxd7 24. Re3 1/2-1/2

[Event "4. Continental de Ajedrez de Cali"]
[Site "Santiago de Cali COL"]
[Date "2007.07.20"]
[Round "11.29"]
[White "Aranha Filho, Alvaro Z"]
[Black "Gallego, Andres"]
[Result "0-1"]
[WhiteElo "2279"]
[BlackElo "2235"]
[PlyCount "126"]
[EventDate "2007.07.11"]
[EventType "swiss"]
[EventRounds "1"]
[EventCountry "COL"]
[Source "lmi"]
[SourceDate "2007.07.11"]

1. d4 Nf6 2. Nf3 g6 3. Bg5 Bg7 4. Nbd2 d5 5. e3 O-O 6. Be2 Nbd7 7. O-O c5 8. c3
b6 9. b4 Bb7 10. Qa4 Re8 11. bxc5 bxc5 12. Bxf6 Nxf6 13. Bb5 Rf8 14. dxc5 a6
15. Bd3 Qc7 16. Nb3 Nd7 17. Rab1 Rab8 18. Qa3 e5 19. Be2 Rfc8 20. Na5 Nxc5 21.
Nxb7 Rxb7 22. Rxb7 Qxb7 23. Qb4 Qc6 24. Nd2 Bf8 25. Qa5 Rb8 26. Rb1 Rxb1+ 27.
Nxb1 Bd6 28. h3 Bc7 29. Qb4 Ne6 30. Nd2 a5 31. Qb3 a4 32. Qb2 Ba5 33. Bb5 Qb6
34. c4 Nc7 35. e4 dxc4 36. Nxc4 Qxb5 37. Qxb5 Nxb5 38. Nxa5 Nc3 39. a3 Nxe4 40.
f3 Nc5 41. Nc4 f6 42. Kf2 Kf7 43. Ke3 Ke6 44. Nb6 Kd6 45. g4 Kc6 46. Nc4 Ne6
47. Ke4 Kc5 48. Nb2 Kb5 49. Kd5 Nf4+ 50. Ke4 h5 51. gxh5 Nxh5 52. Kd5 Nf4+ 53.
Kd6 Ng2 54. Ke6 Nh4 55. Kxf6 Nxf3 56. Kxg6 e4 57. Nd1 Kc4 58. Kf5 Kd4 59. Kg4
Ne5+ 60. Kf4 Nc4 61. Nf2 e3 62. Ng4 e2 63. Nh2 Nd2 0-1

[Event "4. Continental de Ajedrez de Cali"]
[Site "Santiago de Cali COL"]
[Date "2007.07.20"]
[Round "11.30"]
[White "Beltran, Carlos"]
[Black "Moreno, William"]
[Result "1/2-1/2"]
[WhiteElo "2272"]
[BlackElo "2194"]
[PlyCount "82"]
[EventDate "2007.07.11"]
[EventType "swiss"]
[EventRounds "1"]
[EventCountry "COL"]
[Source "lmi"]
[SourceDate "2007.07.11"]

1. Nf3 g6 2. c4 Bg7 3. Nc3 Nf6 4. d4 c5 5. e4 cxd4 6. Nxd4 d6 7. Be2 Nc6 8. O-O
O-O 9. Be3 Bd7 10. Rc1 Nxd4 11. Bxd4 Bc6 12. f3 a5 13. Qd2 Nd7 14. Be3 Nc5 15.
Nd5 e6 16. Nc3 Qe7 17. Rfd1 Rfd8 18. Bg5 f6 19. Be3 f5 20. Bg5 Bf6 21. Bxf6
Qxf6 22. Qe3 fxe4 23. fxe4 Qe5 24. Bf3 Rd7 25. Rd2 Rf8 26. Rcd1 b6 27. Qe2 Rf6
28. Rd4 g5 29. Qd2 Nb7 30. Rd3 Rh6 31. g3 Rf6 32. Bg2 Qc5+ 33. Qe3 e5 34. Qxc5
Nxc5 35. R3d2 Kf8 36. Bh3 Rd8 37. Bf5 h6 38. b3 Ke7 39. Re1 Ra8 40. Re3 Na6 41.
Rb2 Nc5 1/2-1/2

[Event "4. Continental de Ajedrez de Cali"]
[Site "Santiago de Cali COL"]
[Date "2007.07.20"]
[Round "11.31"]
[White "Garcia, Alvaro"]
[Black "Ossa, Orlando"]
[Result "1-0"]
[WhiteElo "2156"]
[BlackElo "2272"]
[PlyCount "65"]
[EventDate "2007.07.11"]
[EventType "swiss"]
[EventRounds "1"]
[EventCountry "COL"]
[Source "lmi"]
[SourceDate "2007.07.11"]

1. d4 d5 2. Nf3 e6 3. c4 c5 4. cxd5 exd5 5. Nc3 Nc6 6. g3 c4 7. Bg2 Bb4 8. O-O
Nge7 9. Bf4 O-O 10. Qd2 Re8 11. Rfc1 f6 12. b3 Ba3 13. Rd1 Ng6 14. bxc4 Nxf4
15. gxf4 dxc4 16. d5 Na5 17. Nb5 Bc5 18. d6 Qb6 19. Nc7 Be6 20. Nxa8 Bxf2+ 21.
Kf1 Rxa8 22. Nd4 Bxd4 23. Qxd4 Qxd4 24. Rxd4 Kf7 25. f5 Bd7 26. Bd5+ Ke8 27.
Re4+ Kf8 28. Re7 Be8 29. Be6 Rd8 30. Rd1 c3 31. Rc7 c2 32. Rxc2 Ba4 33. Rc7 1-0

[Event "4. Continental de Ajedrez de Cali"]
[Site "Santiago de Cali COL"]
[Date "2007.07.20"]
[Round "11.33"]
[White "Renteria, Jorge"]
[Black "Santiago Lastra, Nefi"]
[Result "1-0"]
[WhiteElo "2252"]
[BlackElo "2106"]
[PlyCount "91"]
[EventDate "2007.07.11"]
[EventType "swiss"]
[EventRounds "1"]
[EventCountry "COL"]
[Source "lmi"]
[SourceDate "2007.07.11"]

1. e4 d5 2. exd5 Nf6 3. d4 Nxd5 4. Bc4 Nf6 5. Nf3 Bg4 6. Bxf7+ Kxf7 7. Ne5+ Ke8
8. Nxg4 Nc6 9. Nxf6+ exf6 10. Be3 Qd5 11. O-O Rd8 12. Nc3 Qf5 13. Re1 Kf7 14.
Qe2 Bd6 15. Qc4+ Kg6 16. Nb5 h5 17. Nxd6 Rxd6 18. c3 h4 19. h3 a6 20. a4 Rc8
21. Rad1 b5 22. axb5 axb5 23. Qe2 Ra8 24. Ra1 Ra5 25. Qg4+ Qxg4 26. hxg4 Rd7
27. f3 Kf7 28. Bf2 g5 29. g3 h3 30. Kh2 Rxa1 31. Rxa1 Re7 32. Re1 Na5 33. Rxe7+
Kxe7 34. d5 Nb3 35. f4 Kd6 36. fxg5 fxg5 37. Be3 Kxd5 38. Bxg5 c5 39. Kxh3 c4
40. Be3 Na5 41. Kh4 Nc6 42. Kh5 Ne5 43. g5 Ke6 44. g6 Ke7 45. Bc5+ Ke6 46. Kh6
1-0

[Event "4. Continental de Ajedrez de Cali"]
[Site "Santiago de Cali COL"]
[Date "2007.07.20"]
[Round "11.35"]
[White "Valderrama, E Gilberto"]
[Black "Souza Neves, Andrey M"]
[Result "1-0"]
[WhiteElo "2308"]
[BlackElo "2156"]
[PlyCount "65"]
[EventDate "2007.07.11"]
[EventType "swiss"]
[EventRounds "1"]
[EventCountry "COL"]
[Source "lmi"]
[SourceDate "2007.07.11"]

1. d4 d5 2. Nf3 c6 3. e3 Bf5 4. c4 e6 5. Nc3 Nf6 6. a3 Nbd7 7. b4 a6 8. c5 Ne4
9. Bb2 Be7 10. Be2 Bf6 11. O-O O-O 12. Nxe4 Bxe4 13. Nd2 Bg6 14. f4 Be7 15. g4
h6 16. Rc1 f5 17. h3 Bh7 18. Nf3 fxg4 19. hxg4 Nf6 20. Ne5 Ne4 21. Rf3 Bh4 22.
Bd3 g5 23. Rc2 Qe7 24. Rg2 Rf6 25. Qb3 Raf8 26. f5 Kh8 27. Bxe4 dxe4 28. Rf1
Bg8 29. d5 Kh7 30. d6 Qd8 31. Ng6 exf5 32. Nxf8+ Qxf8 33. Qc3 1-0

[Event "4. Continental de Ajedrez de Cali"]
[Site "Santiago de Cali COL"]
[Date "2007.07.20"]
[Round "11.37"]
[White "Mateus, Martha"]
[Black "Sanchez, Victor"]
[Result "0-1"]
[WhiteElo "2127"]
[BlackElo "2232"]
[PlyCount "77"]
[EventDate "2007.07.11"]
[EventType "swiss"]
[EventRounds "1"]
[EventCountry "COL"]
[Source "lmi"]
[SourceDate "2007.07.11"]

1. e4 c5 2. Nf3 a6 3. c4 e6 4. Nc3 Qc7 5. d4 cxd4 6. Nxd4 Nf6 7. Be2 g6 8. O-O
Bg7 9. Be3 d6 10. Rc1 Nbd7 11. b4 b6 12. Nb3 Bb7 13. f3 O-O 14. Qd2 Rfe8 15.
Rfd1 Bf8 16. Bf4 Ne5 17. Be3 Qb8 18. Na4 Ned7 19. Qd4 a5 20. bxa5 bxa5 21. c5
Bc6 22. cxd6 Bxa4 23. Qxa4 Bxd6 24. Kh1 Rd8 25. Bb5 Ne5 26. Bg1 g5 27. Nd4 Bf8
28. Qb3 Rd6 29. a4 Bh6 30. Be3 Qf8 31. Qc3 Rad8 32. Re1 g4 33. Bxh6 Qxh6 34.
Nf5 exf5 35. Qxe5 Qxc1 36. Rxc1 Rd1+ 37. Bf1 Rxc1 38. Kg1 Rdd1 39. Qb5 0-1

[Event "4. Continental de Ajedrez de Cali"]
[Site "Santiago de Cali COL"]
[Date "2007.07.20"]
[Round "11.38"]
[White "Montenegro, Rolando"]
[Black "Gonzalez, Juan Manuel"]
[Result "1-0"]
[WhiteElo "2227"]
[BlackElo "2115"]
[PlyCount "97"]
[EventDate "2007.07.11"]
[EventType "swiss"]
[EventRounds "1"]
[EventCountry "COL"]
[Source "lmi"]
[SourceDate "2007.07.11"]

1. e4 c6 2. Nc3 d5 3. Nf3 Bg4 4. h3 Bxf3 5. Qxf3 e6 6. d3 Nf6 7. g4 Be7 8. g5
Nfd7 9. Qg3 Na6 10. Bd2 Qc7 11. f4 O-O-O 12. O-O-O Rdg8 13. h4 g6 14. Ne2 h6
15. Bh3 hxg5 16. hxg5 dxe4 17. dxe4 Nac5 18. Qf3 Qb6 19. Bc3 f6 20. b4 Rd8 21.
bxc5 Bxc5 22. Bb2 Rhe8 23. gxf6 Be3+ 24. Kb1 Nxf6 25. Rxd8+ Rxd8 26. Bxe6+ Kb8
27. Bb3 Ne8 28. Nc3 Bd4 29. Na4 Qa5 30. Bxd4 Rxd4 31. Qc3 Qd8 32. Nc5 Nc7 33.
Ne6 Nxe6 34. Bxe6 Qb6+ 35. Bb3 a5 36. a4 Rxe4 37. Ka2 Ka7 38. Rh8 Re6 39. Qd2
Qc5 40. Rc8 Re3 41. Kb2 Rf3 42. Qd8 Rxb3+ 43. cxb3 Qf2+ 44. Kc1 Qxf4+ 45. Qd2
Qf1+ 46. Kb2 Qf6+ 47. Ka2 Qf5 48. Qe3+ c5 49. Qxc5+ 1-0

[Event "4. Continental de Ajedrez de Cali"]
[Site "Santiago de Cali COL"]
[Date "2007.07.20"]
[Round "11.39"]
[White "Alvarez, Javier"]
[Black "Restuccia, Francisco"]
[Result "1-0"]
[WhiteElo "2100"]
[BlackElo "2222"]
[PlyCount "131"]
[EventDate "2007.07.11"]
[EventType "swiss"]
[EventRounds "1"]
[EventCountry "COL"]
[Source "lmi"]
[SourceDate "2007.07.11"]

1. e4 c5 2. Nf3 d6 3. d4 cxd4 4. Nxd4 Nf6 5. Nc3 a6 6. Bg5 e6 7. f4 Qc7 8. Qf3
b5 9. Bxf6 gxf6 10. Bd3 b4 11. Nce2 h5 12. O-O-O Bb7 13. Qh3 Nd7 14. e5 f5 15.
Bxf5 exf5 16. exd6 Qc5 17. Nb3 Qb6 18. Qxf5 Qe3+ 19. Rd2 Be4 20. Qg5 Bxd6 21.
Kb1 Be7 22. Qa5 Nf6 23. Ng3 h4 24. Re2 Qxf4 25. Nxe4 Nxe4 26. Qd5 Rd8 27. Qc6+
Kf8 28. Rxe4 Qg5 29. Rhe1 Rh6 30. Qb7 Re6 31. Rxe6 fxe6 32. Qxa6 Qg4 33. Qf1+
Kg7 34. h3 Qh5 35. Qg1 Bf6 36. Nc5 Kf7 37. Nd3 Qb5 38. Qe3 Rd6 39. Qf4 Rd4 40.
Qf3 Rd5 41. Re4 Rf5 42. Rf4 Qb6 43. Rxf5 exf5 44. Qd5+ Kg7 45. Qc5 Qb7 46. Qf2
Qe4 47. Qf3 Qd4 48. Qb7+ Kh6 49. Qxb4 Qg1+ 50. Ne1 Bd4 51. Kc1 Bf2 52. Kd1 f4
53. Qxf4+ Kg6 54. Qe4+ Kf7 55. a4 Bxe1 56. Qxe1 Qd4+ 57. Kc1 Qxa4 58. Qf2+ Kg6
59. Qb6+ Kg7 60. Qc7+ Kf6 61. Qd6+ Kf7 62. Qd5+ Kf6 63. Qf3+ Ke5 64. Qg4 Qa1+
65. Kd2 Qa5+ 66. c3 1-0

[Event "4. Continental de Ajedrez de Cali"]
[Site "Santiago de Cali COL"]
[Date "2007.07.20"]
[Round "11.40"]
[White "Lopez, Mario Iver"]
[Black "Franco, Beatriz"]
[Result "0-1"]
[WhiteElo "2345"]
[BlackElo "2130"]
[PlyCount "160"]
[EventDate "2007.07.11"]
[EventType "swiss"]
[EventRounds "1"]
[EventCountry "COL"]
[Source "lmi"]
[SourceDate "2007.07.11"]

1. e4 e5 2. Nf3 Nc6 3. Bc4 Bc5 4. O-O d6 5. c3 Qe7 6. Bb3 h6 7. d3 Nf6 8. Be3
Bb6 9. Nbd2 O-O 10. Bxb6 axb6 11. Nh4 Kh7 12. Nf5 Qd8 13. f4 g6 14. Ne3 exf4
15. Rxf4 Be6 16. d4 Nh5 17. Rf3 Qg5 18. d5 Ne5 19. dxe6 Nxf3+ 20. Qxf3 fxe6 21.
Qh3 Nf4 22. Qg4 Qc5 23. Ndf1 Rf6 24. g3 Nd3 25. Qe2 Nf2 26. Qxf2 Rxf2 27. Kxf2
Rf8+ 28. Kg2 Qg5 29. Bxe6 Qf6 30. Bd5 c6 31. Bb3 Qf2+ 32. Kh1 Rf3 33. Rd1 Rxe3
34. Nxe3 Qxe3 35. Rxd6 Qxe4+ 36. Kg1 Qb1+ 37. Rd1 Qf5 38. Rf1 Qd3 39. Rf2 c5
40. Bc2 Qe3 41. Kg2 Kg7 42. h4 Qe6 43. Bb3 c4 44. Bc2 Qd5+ 45. Kh2 Qe5 46. Kg2
h5 47. Bd1 g5 48. hxg5 Qxg5 49. Rf4 Qd5+ 50. Bf3 Qd2+ 51. Kh3 b5 52. Bxh5 Qxb2
53. Rf7+ Kh6 54. g4 Qxc3+ 55. Kh4 Qe1+ 56. Kh3 c3 57. Rf6+ Kg7 58. Rf7+ Kg8 59.
Rc7 b4 60. Bf7+ Kg7 61. Bb3+ Kh6 62. Rc8 Qe3+ 63. Kh4 Qe7+ 64. Kg3 Qf6 65. Kh3
b6 66. Kg3 Qe5+ 67. Kf3 Kg5 68. Rc4 Qd5+ 69. Ke2 Qd2+ 70. Kf1 Kh4 71. Re4 c2
72. Bxc2 Qxc2 73. Re2 Qd1+ 74. Kf2 Qd4+ 75. Kf3 Qxg4+ 76. Ke3 Kg3 77. Kd3 Kf3
78. Re3+ Kf2 79. Re4 Qd1+ 80. Kc4 Qc2+ 0-1

[Event "4. Continental de Ajedrez de Cali"]
[Site "Santiago de Cali COL"]
[Date "2007.07.20"]
[Round "11.41"]
[White "Molina, Rafael"]
[Black "Juarez Flores, Gustavo E"]
[Result "0-1"]
[WhiteElo "2101"]
[BlackElo "2204"]
[PlyCount "102"]
[EventDate "2007.07.11"]
[EventType "swiss"]
[EventRounds "1"]
[EventCountry "COL"]
[Source "lmi"]
[SourceDate "2007.07.11"]

1. e4 d6 2. d4 Nf6 3. Nc3 g6 4. Nf3 Bg7 5. Bg5 c6 6. Be2 b5 7. Bd3 a6 8. O-O
O-O 9. Re1 h6 10. Be3 Qc7 11. Qd2 Ng4 12. Bf4 e5 13. dxe5 dxe5 14. Bg3 Nd7 15.
h3 Ngf6 16. Rad1 Nh5 17. Bh2 Nc5 18. Bf1 Nb7 19. Ne2 Re8 20. c4 Be6 21. g4 Rad8
22. Qc1 Nf6 23. Bxe5 Qa5 24. cxb5 Rxd1 25. Rxd1 cxb5 26. a3 Rc8 27. Qe3 Qa4 28.
Rd4 Qc2 29. Nf4 Bc4 30. Bxc4 Rxc4 31. Rxc4 Qxc4 32. Nd2 Qc1+ 33. Kg2 Nxg4 34.
hxg4 Bxe5 35. Nd3 Qc7 36. Qxh6 Bg7 37. Qe3 Nd8 38. f4 Qc2 39. e5 Ne6 40. f5
Qxd3 41. Kf2 Qxe3+ 42. Kxe3 Bh6+ 43. Kd3 gxf5 44. gxf5 Nc5+ 45. Kd4 Bxd2 46.
Kxc5 Bc1 47. e6 Bxb2 48. Kb4 f6 49. a4 bxa4 50. Kxa4 Kg7 51. Kb4 Bc1 0-1

[Event "4. Continental de Ajedrez de Cali"]
[Site "Santiago de Cali COL"]
[Date "2007.07.20"]
[Round "11.42"]
[White "Barros, Raul"]
[Black "Saladen, Rafael"]
[Result "1-0"]
[WhiteElo "2056"]
[BlackElo "2190"]
[PlyCount "117"]
[EventDate "2007.07.11"]
[EventType "swiss"]
[EventRounds "1"]
[EventCountry "COL"]
[Source "lmi"]
[SourceDate "2007.07.11"]

1. Nf3 c5 2. e3 g6 3. d4 Bg7 4. Be2 Nf6 5. O-O b6 6. b3 Bb7 7. Bb2 O-O 8. c4
cxd4 9. Nxd4 Nc6 10. Bf3 Rc8 11. Nc3 a6 12. Rc1 h5 13. h3 Nh7 14. Nxc6 Bxc6 15.
Bxc6 Rxc6 16. Qe2 e6 17. Rfd1 f5 18. Qd2 Rf7 19. Ne2 g5 20. Bxg7 Rxg7 21. Nd4
Rd6 22. Qb4 Qc7 23. c5 bxc5 24. Rxc5 Qd8 25. Rdc1 Qe7 26. Qb8+ Kf7 27. Rxf5+
Kg6 28. Re5 Qf8 29. Rc8 Qe7 30. Re8 Rxd4 31. Rxe7 Rd1+ 32. Kh2 Rxe7 33. Qc8 Rd2
34. Qd8 Rf7 35. Rxe6+ Kg7 36. Re7 Rdxf2 37. Qxd7 Rf1 38. Qd4+ Kh6 39. Rxf7 Rxf7
40. e4 Nf6 41. Qd6 Kg7 42. e5 Ne4 43. Qd4 Rf4 44. e6+ Nf6 45. Qd8 Re4 46. e7
Re2 47. b4 Re4 48. a4 g4 49. Kg1 g3 50. Kf1 Kf7 51. Qf8+ Kg6 52. b5 axb5 53.
axb5 Re6 54. Qd8 Kf7 55. Qf8+ Kg6 56. b6 Rxb6 57. e8=Q+ Nxe8 58. Qxe8+ Kg7 59.
Qe7+ 1-0

[Event "4. Continental de Ajedrez de Cali"]
[Site "Santiago de Cali COL"]
[Date "2007.07.20"]
[Round "11.44"]
[White "Rosales, Daniel"]
[Black "Guerrero, Juan Carlos"]
[Result "0-1"]
[WhiteElo "1989"]
[BlackElo "2144"]
[PlyCount "78"]
[EventDate "2007.07.11"]
[EventType "swiss"]
[EventRounds "1"]
[EventCountry "COL"]
[Source "lmi"]
[SourceDate "2007.07.11"]

1. d4 Nf6 2. c4 c5 3. d5 e6 4. Nc3 exd5 5. cxd5 d6 6. e4 g6 7. f4 Bg7 8. Bb5+
Nfd7 9. Nf3 O-O 10. O-O a6 11. Bd3 b5 12. Kh1 Re8 13. e5 dxe5 14. f5 Nf6 15.
fxg6 hxg6 16. Bg5 Nbd7 17. a4 Qc7 18. Nd2 b4 19. Nce4 Nxd5 20. Rxf7 Kxf7 21.
Qf3+ Kg8 22. Bc4 Bb7 23. a5 Rf8 24. Qh3 Rae8 25. Nf3 N7f6 26. Bxf6 Bxf6 27. Rd1
Qd8 28. Qh6 Re7 29. Qxg6+ Rg7 30. Qh5 Be7 31. Qxe5 Qe8 32. h3 Qg6 33. Bxd5+
Bxd5 34. Qxd5+ Kh8 35. Neg5 Bxg5 36. Ne5 Qf5 37. Re1 Bf4 38. g4 Qc2 39. Nf3 Rh7
0-1

[Event "4. Continental de Ajedrez de Cali"]
[Site "Santiago de Cali COL"]
[Date "2007.07.20"]
[Round "11.45"]
[White "Franco, Angela"]
[Black "Perez, Olarte Cesar Camilo"]
[Result "1-0"]
[WhiteElo "2143"]
[BlackElo "2056"]
[PlyCount "45"]
[EventDate "2007.07.11"]
[EventType "swiss"]
[EventRounds "1"]
[EventCountry "COL"]
[Source "lmi"]
[SourceDate "2007.07.11"]

1. e4 c5 2. Nf3 d6 3. d4 cxd4 4. Nxd4 Nf6 5. Nc3 a6 6. a4 e5 7. Nf3 Qc7 8. Be2
Be7 9. O-O h6 10. Re1 Be6 11. h3 O-O 12. Nd5 Nxd5 13. exd5 Bf5 14. c4 Nd7 15.
Be3 Bg6 16. Qd2 f5 17. g3 Nc5 18. Ra3 Qd7 19. Bxc5 e4 20. Bd4 exf3 21. Bxf3
Rac8 22. Re6 Bf7 23. Rxh6 1-0